000 00931nam a22001817 4500
999 _c1239
_d1239
003 AR-BaISA
005 20221219160223.0
007 ta
008 221219s2011 ag ad||| |||| 000 0 spa d
040 _bspa
_cAR-BaISA
082 0 4 _222
_aR362.1 F119
245 1 0 _aSegunda encuesta nacional de factores de riesgo:
_bpara enfermedades no transmisibles
260 _aBuenos Aires:
_bMinisterio de Salud de la Nación,
_c2011
300 _a244 p.:
_bil., gráfs., tablas
505 _tAspectos metodológicos --
_tCobertura y acceso a la atención médica --
_tSalud general y calidad de vida --
_tTabaco --
_tAlimentación saludable --
_tActividad física --
_tAlcohol --
_tHipertensión arterial --
_tColesterol elevado --
_tDiabetes --
_tPeso corporal --
_tMedidas preventivas --
_tLesiones por causas externas --
_tEquipo de trabajo --
_tANEXO: Cuestionario
650 1 0 _92723
_aFactores de riesgo
_vencuestas y cuestionarios
942 _2ddc
_cLI
_e22